[Event "World Cup U18 Girls Prel"]
[Site "Tornelo INT"]
[Date "2021.08.01"]
[Round "6"]
[White "Mohsen, Nur Batrisya Wafa"]
[Black "Ostensson, Julia"]
[Result "0-1"]
[WhiteElo "1208"]
[BlackElo "1595"]
[PlyCount "98"]
[EventDate "2021.08.01"]
[EventType "swiss (rapid)"]
[EventRounds "10"]
[EventCountry "NET"]
[SourceTitle "EXT 2024"]
[Source "ChessBase"]
[SourceDate "2023.10.10"]
[SourceVersion "1"]
[SourceVersionDate "2023.10.10"]
[SourceQuality "1"]

1. Nf3 Nf6 2. c4 g6 3. g3 Bg7 4. Bg2 0-0 5. Nc3 d6 6. d4 Nbd7 7. 0-0 e5 8. dxe5 dxe5 9. Be3 c6 10. Qc2 Ng4 11. Bd2 f5 12. h3 Ngf6 13. b4 Qc7 14. c5 Nd5 15. Nxd5 cxd5 16. Ng5 Nf6 17. Qb3 e4 18. h4 h6 19. Nh3 Be6 20. Rad1 Bf7 21. Bf4 Qd7 22. Qb1 Nh5 23. Bd6 Rfe8 24. Nf4 Nxf4 25. Bxf4 Rad8 26. e3 Bf6 27. Bxh6 Kh7 28. Bf4 Qe7 29. Bd6 Qd7 30. Bh3 b6 31. f3 exf3 32. Rxf3 Be6 33. Kh2 Be7 34. Bxe7 Rxe7 35. Rdf1 Rf7 36. cxb6 axb6 37. a3 Rdf8 38. Qd1 Qe7 39. Qd4 b5 40. Ra1 Qd7 41. Re1 Rc8 42. Re2 Rc4 43. Qd3 Qc7 44. Qd1 Rc1 45. Qd3 Rc3 46. Qxb5 Rxa3 47. Qc5 Qd7 48. Rc2 Ra7 49. b5 Rc7 0-1